000 00679nam a2200229Ia 4500
003 Ost
005 20260507075157.0
008 260507s9999||||xx |||||||||||||| ||und||
040 _cfsecg
041 _aara
082 _a330
100 _aكامل، اسامة
_eمؤلف
245 0 _aمقدمة في الادارة /
_c اسامة كامل
260 _aالاسكندرية:
_bدار الوفاءلدنيا الطباعة,
_c2006
300 _a223 صفحة؛
653 _aإدارة
653 _aلامركزية
653 _aمركزية
653 _aهيكل تنظيمي
700 _aحامد، عبد الغني
_eمؤلف ثانوي
942 _cكتاب
999 _c43375
_d43375